| 000 | 00758cad a22002175a 4500 | ||
|---|---|---|---|
| 001 | L155447 | ||
| 008 | 120323s2012 xxk f s000 0 eng d | ||
| 035 | _a(Sirsi) u155447 | ||
| 041 | 0 | _aeng | |
| 110 | 2 |
_aTurner and Townsend _95813 |
|
| 245 | 0 | 0 |
_aWinter of discontent _h[electronic resource] |
| 260 |
_a[S.l.] _bTurner and Townsend plc _c2011 |
||
| 490 | 0 |
_aUK Market Intelligence _vWinter 2011/12 |
|
| 520 | _aEconomic overview of the construction industry in the UK. | ||
| 590 | _aKA NTK | ||
| 651 | 4 |
_aUnited Kingdom _y |
|
| 690 |
_aConstruction management _96230 |
||
| 690 |
_aCost management _96233 |
||
| 856 | 4 | 0 |
_uhttps://www.turnerandtownsend.com/UK-market-winter.html _zView the report free of charge at www.turnerandtownsend.com |
| 942 | _n0 | ||
| 999 |
_c113579 _d113579 |
||